[Event "XXXI Memorial Edoardo Crespi B"]
[Site "Milano ITA"]
[Date "2010.12.05"]
[Round "3"]
[White "Ranfagni, Stefano"]
[Black "Merlotti, Marco"]
[Result "1/2-1/2"]
[WhiteElo "2003"]
[BlackElo "1797"]
[PlyCount "57"]
[EventDate "2010.12.04"]

1. e4 c5 2. Nc3 e6 3. g3 Nc6 4. Bg2 g6 5. d3 Bg7 6. Be3 d6 7. Qd2 Rb8 8. f4
Nge7 9. Nge2 Nd4 10. Nd1 O-O 11. c3 Nxe2 12. Qxe2 b6 13. O-O Bb7 14. Nf2 Qc7
15. Rad1 Rfe8 16. Qd2 f5 17. Nh3 Rbd8 18. Ng5 Qc8 19. Qc2 h6 20. Nf3 Kh7 21.
Bf2 Ng8 22. Rfe1 Nf6 23. h3 Qa8 24. Nd2 e5 25. Kh2 exf4 26. gxf4 Nh5 27. Be3
Nf6 28. Bf2 Nh5 29. Be3 1/2-1/2

[Event "XXXI Memorial Edoardo Crespi B"]
[Site "Milano ITA"]
[Date "2010.12.05"]
[Round "3"]
[White "Reale, Simone"]
[Black "Rota, Giacomo"]
[Result "1/2-1/2"]
[WhiteElo "1907"]
[BlackElo "2011"]
[PlyCount "55"]
[EventDate "2010.12.04"]

1. d4 d5 2. c4 dxc4 3. Nf3 Nf6 4. e3 e6 5. Bxc4 Be7 6. O-O O-O 7. Nc3 c5 8. Re1
Nc6 9. b3 a6 10. Bb2 b5 11. Bd3 Bb7 12. a3 Rc8 13. Rc1 cxd4 14. exd4 Qb6 15.
Bb1 Rfd8 16. Ne4 Nxe4 17. Bxe4 Bf6 18. Qd3 g6 19. Rcd1 Rd7 20. Qe3 Rcd8 21.
Bxc6 Bxc6 22. Ne5 Bxe5 23. Qxe5 Rd5 24. Qf6 Rf5 25. Qe7 Re8 26. Qb4 Bd5 27. Re5
Rxe5 28. dxe5 1/2-1/2

[Event "XXXI Memorial Edoardo Crespi B"]
[Site "Milano ITA"]
[Date "2010.12.05"]
[Round "3"]
[White "Regorda, Vittorio"]
[Black "Olivo, Mario"]
[Result "1/2-1/2"]
[WhiteElo "1881"]
[BlackElo "1818"]
[PlyCount "79"]
[EventDate "2010.12.04"]

1. d4 Nf6 2. c4 e6 3. Nf3 b6 4. g3 Bb7 5. Bg2 Bb4+ 6. Bd2 Bxd2+ 7. Nbxd2 d6 8.
O-O O-O 9. Qc2 Nbd7 10. e4 e5 11. dxe5 dxe5 12. Rfd1 Qe7 13. a3 Nc5 14. Ne1
Rfd8 15. b4 Ne6 16. Nb3 Ng5 17. f3 c5 18. b5 Ne6 19. a4 Nd4 20. Nxd4 Rxd4 21.
Rxd4 exd4 22. Nd3 Nd7 23. Re1 f6 24. Nf4 Qf7 25. Bh3 Re8 26. Bxd7 Qxd7 27. Kg2
Bc8 28. Qd3 g6 29. Nd5 Kg7 30. Qd2 g5 31. g4 h5 32. h3 hxg4 33. fxg4 Bb7 34.
Qf2 Bxd5 35. exd5 Rxe1 36. Qxe1 Qd6 37. Qe4 Qe5 38. Kf3 Qxe4+ 39. Kxe4 Kf7 40.
Kf3 1/2-1/2

[Event "XXXI Memorial Edoardo Crespi B"]
[Site "Milano ITA"]
[Date "2010.12.05"]
[Round "3"]
[White "Revinelli, Sergio"]
[Black "Sirletti, Sonia"]
[Result "0-1"]
[WhiteElo "1842"]
[BlackElo "1903"]
[PlyCount "74"]
[EventDate "2010.12.04"]

1. e4 d6 2. d4 Nf6 3. Nc3 Nbd7 4. Be2 e5 5. Nf3 Be7 6. O-O O-O 7. Bg5 c6 8. Bh4
b5 9. dxe5 dxe5 10. a3 Qc7 11. Bg3 Bb7 12. Nd2 a5 13. Qc1 Nc5 14. f3 Rfd8 15.
Nd1 Nh5 16. Bf2 Nf4 17. Re1 Nce6 18. Bf1 Qd7 19. Nb1 Nd4 20. Bxd4 Qxd4+ 21. Qe3
Bc5 22. Qxd4 Rxd4 23. Kh1 Rad8 24. Nbc3 Rd2 25. g3 Ne6 26. Bd3 Nd4 27. f4 exf4
28. gxf4 Nxc2 29. Bxc2 Rxc2 30. Re2 Rxe2 31. Nxe2 Rd2 32. Ng3 g6 33. Nf1 Rc2
34. b4 Bd4 35. Rb1 c5 36. Ng3 cxb4 37. axb4 a4 0-1

[Event "XXXI Memorial Edoardo Crespi B"]
[Site "Milano ITA"]
[Date "2010.12.05"]
[Round "3"]
[White "Riccio, Luigi"]
[Black "Rossi, Giampiero"]
[Result "1-0"]
[WhiteElo "1929"]
[BlackElo "1906"]
[PlyCount "91"]
[EventDate "2010.12.04"]

1. e4 c5 2. Nc3 e6 3. Nge2 d6 4. g3 g6 5. Bg2 Bg7 6. O-O Nc6 7. d3 Nge7 8. Be3
O-O 9. Qd2 e5 10. Nd5 Nxd5 11. exd5 Ne7 12. Bh6 f6 13. Bxg7 Kxg7 14. c4 Nf5 15.
b4 b6 16. bxc5 bxc5 17. Rab1 Nd4 18. Nxd4 exd4 19. Rfe1 Qc7 20. Re2 Bd7 21.
Re7+ Rf7 22. Rbe1 Raf8 23. Bh3 Qd8 24. Rxd7 Rxd7 25. Bxd7 Qxd7 26. Qe2 Kf7 27.
Qe6+ Qxe6 28. Rxe6 Rd8 29. Kg2 Rd7 30. Kf3 Rd8 31. h4 Rd7 32. Kf4 Rd8 33. g4
Rd7 34. Kg3 a5 35. f4 a4 36. f5 gxf5 37. gxf5 a3 38. Kf3 Rb7 39. Rxd6 Rb2 40.
Re6 Rxa2 41. d6 Rb2 42. Re7+ Kf8 43. Rxh7 Ke8 44. Ra7 a2 45. Ke4 Rh2 46. Kd5
1-0

[Event "XXXI Memorial Edoardo Crespi B"]
[Site "Milano ITA"]
[Date "2010.12.05"]
[Round "3"]
[White "Viale, Fabio"]
[Black "Reina, Giuseppe"]
[Result "1-0"]
[WhiteElo "1822"]
[BlackElo "1841"]
[PlyCount "63"]
[EventDate "2010.12.04"]

1. d4 Nf6 2. c4 g6 3. Nc3 Bg7 4. e4 d6 5. Be2 O-O 6. Nf3 e5 7. O-O a5 8. d5 Na6
9. Be3 Kh8 10. Ne1 Ng8 11. Nd3 f5 12. f3 f4 13. Bd2 g5 14. g4 fxg3 15. hxg3 g4
16. f4 exf4 17. Bxf4 h5 18. Kg2 Qe8 19. Nf2 Rxf4 20. gxf4 Nf6 21. Rh1 Kg8 22.
Qc2 Nc5 23. Bd3 Nxd3 24. Qxd3 Bh6 25. Qg3 Bd7 26. e5 dxe5 27. fxe5 Nh7 28. e6
Bxe6 29. dxe6 Qc6+ 30. Nd5 Nf6 31. Qe5 Bg7 32. Kg1 1-0

[Event "XXXI Memorial Edoardo Crespi B"]
[Site "Milano ITA"]
[Date "2010.12.05"]
[Round "3"]
[White "Villalba, Fernando"]
[Black "Biava, Pierluigi"]
[Result "1-0"]
[WhiteElo "1889"]
[BlackElo "1743"]
[PlyCount "107"]
[EventDate "2010.12.04"]

1. d4 Nf6 2. Nf3 e6 3. Bf4 d5 4. e3 Bd6 5. Ne5 c5 6. c3 O-O 7. Nd2 Nc6 8. Be2
cxd4 9. exd4 Qc7 10. Ndf3 Ne4 11. O-O f6 12. Nxc6 Bxf4 13. Nb4 a5 14. Nd3 Bd6
15. h3 e5 16. dxe5 fxe5 17. Ndxe5 Nxc3 18. bxc3 Be6 19. Ng5 Qxc3 20. Nef3 Rxf3
21. Nxf3 Rf8 22. Qd3 Qf6 23. Nh2 Qf4 24. Qg3 Qxg3 25. fxg3 Bxg3 26. Rxf8+ Kxf8
27. Nf3 Bd6 28. Ng5 Bg8 29. Rf1+ Ke7 30. Nf3 Bc5+ 31. Kh1 Kd6 32. Nd2 b6 33.
Bf3 Be3 34. Rd1 Ke5 35. Nf1 d4 36. Nxe3 dxe3 37. a3 Bc4 38. Kg1 b5 39. g3 g6
40. Re1 Kd4 41. Be2 Ke4 42. Kf1 h5 43. Bxc4 bxc4 44. Ke2 g5 45. Rb1 h4 46. g4
c3 47. Rb8 Kf4 48. Rc8 Kg3 49. Rxc3 Kxh3 50. Rxe3+ Kxg4 51. Kf2 h3 52. Kg1 Kh4
53. Kh2 g4 54. Rc3 1-0

[Event "XXXI Memorial Edoardo Crespi B"]
[Site "Milano ITA"]
[Date "2010.12.06"]
[Round "4"]
[White "Arboscelli, Gregorio"]
[Black "Ganci, Stefano"]
[Result "1/2-1/2"]
[WhiteElo "1906"]
[BlackElo "1891"]
[PlyCount "105"]
[EventDate "2010.12.04"]

1. d4 Nf6 2. c4 c5 3. d5 b5 4. Nf3 g6 5. a4 bxc4 6. Nc3 d6 7. e4 Bg7 8. Bxc4
O-O 9. O-O Ba6 10. Nd2 Bxc4 11. Nxc4 Na6 12. f4 Nd7 13. a5 Rb8 14. Qe2 Qc8 15.
Ra3 Nb4 16. Na4 Nf6 17. Rh3 Qg4 18. Rhf3 Qd7 19. Nc3 e6 20. dxe6 fxe6 21. e5
Ne8 22. exd6 Bd4+ 23. Kh1 Nxd6 24. Ne5 Qg7 25. Nc6 Nxc6 26. Qxe6+ Kh8 27. Qxd6
Nb4 28. f5 Rbd8 29. Qg3 Rde8 30. fxg6 Rxf3 31. Qxf3 Qxg6 32. Bf4 Rg8 33. g3 Re8
34. Na4 Qc6 35. Qxc6 Nxc6 36. Nxc5 Nxa5 37. b4 Nc4 38. Rd1 Bc3 39. Rc1 Re1+ 40.
Rxe1 Bxe1 41. Nd3 Bc3 42. Kg2 Kg7 43. Kf3 Kg6 44. Ke4 Nd2+ 45. Kd5 Nf3 46. h4
Kf5 47. Bb8 a6 48. Bd6 Nd2 49. Nf2 Nf3 50. g4+ Kg6 51. h5+ Kf7 52. Ne4 Be1 53.
Kc4 1/2-1/2

[Event "XXXI Memorial Edoardo Crespi B"]
[Site "Milano ITA"]
[Date "2010.12.06"]
[Round "4"]
[White "Bernago, Federico"]
[Black "Franco, Alessandro P."]
[Result "1/2-1/2"]
[WhiteElo "1955"]
[BlackElo "1906"]
[PlyCount "60"]
[EventDate "2010.12.04"]

1. e4 Nf6 2. Nc3 d5 3. exd5 Nxd5 4. Bc4 Nb6 5. Bb3 a5 6. a4 Nc6 7. Nge2 e5 8.
d3 Bb4 9. O-O O-O 10. Ne4 Nd4 11. Nxd4 exd4 12. Qh5 Qd7 13. Bd2 Bxd2 14. Nxd2
Qf5 15. Qf3 c5 16. Rfe1 Qxf3 17. Nxf3 Bd7 18. Ng5 h6 19. Ne4 Rae8 20. Nxc5 Bc6
21. Ne4 Kh7 22. Nd6 Rxe1+ 23. Rxe1 Nxa4 24. Bxa4 Bxa4 25. Nxb7 Bxc2 26. Nxa5
Bxd3 27. Nc6 Kg6 28. Nxd4 Rb8 29. b3 Rb4 30. Nf3 Rxb3 1/2-1/2

[Event "XXXI Memorial Edoardo Crespi B"]
[Site "Milano ITA"]
[Date "2010.12.06"]
[Round "4"]
[White "Cardani, Roberto"]
[Black "Memarian, Milad"]
[Result "1-0"]
[WhiteElo "1933"]
[BlackElo "2018"]
[PlyCount "141"]
[EventDate "2010.12.04"]

1. e4 c5 2. Nf3 e6 3. d4 cxd4 4. Nxd4 a6 5. Bd3 Qc7 6. Nc3 b5 7. O-O Bb7 8. Qe2
d6 9. f4 Nd7 10. Kh1 Ngf6 11. Bd2 Be7 12. a3 O-O 13. Rae1 Qb6 14. Nf3 e5 15.
fxe5 dxe5 16. Nd5 Nxd5 17. exd5 Bxd5 18. Nxe5 Nf6 19. Bg5 Rad8 20. Ng4 Rd6 21.
Nxf6+ Bxf6 22. Bxf6 Rxf6 23. Rxf6 Qxf6 24. Qh5 Be4 25. Bxe4 g6 26. Qf3 Qxb2 27.
Qb3 Qd4 28. Bd5 Qf2 29. Rg1 Re8 30. Qc3 Qf5 31. Bf3 Rc8 32. Qd3 Qxd3 33. cxd3
Rc3 34. a4 b4 35. d4 b3 36. h3 b2 37. Be4 Rc4 38. Rb1 Rxd4 39. Bb7 Rd2 40. Bxa6
Rc2 41. Kh2 f5 42. Bb7 Rc4 43. a5 Ra4 44. a6 Kf8 45. Rxb2 Ke7 46. Rd2 f4 47.
Kg1 g5 48. Kf2 Ra3 49. Ke2 Ra5 50. Kd1 h5 51. Kc2 g4 52. hxg4 hxg4 53. Kb3 f3
54. gxf3 gxf3 55. Kb4 Ra1 56. Rf2 Kd7 57. Rxf3 Kc7 58. Ra3 Rg1 59. Rc3+ Kb8 60.
Kb5 Ka7 61. Bd5 Rb1+ 62. Rb3 Rd1 63. Bc4 Rc1 64. Rd3 Rb1+ 65. Kc5 Rc1 66. Rd7+
Kb8 67. Kb6 Kc8 68. Rc7+ Kd8 69. a7 Rb1+ 70. Bb5 Ra1 71. Rh7 1-0

[Event "XXXI Memorial Edoardo Crespi B"]
[Site "Milano ITA"]
[Date "2010.12.06"]
[Round "4"]
[White "Ciciotti, Augusto"]
[Black "Bosi, Clint"]
[Result "1/2-1/2"]
[WhiteElo "1909"]
[BlackElo "2049"]
[PlyCount "120"]
[EventDate "2010.12.04"]

1. d4 f5 2. Nf3 Nf6 3. g3 g6 4. Bg2 Bg7 5. O-O d6 6. c4 O-O 7. Nc3 c6 8. d5 c5
9. Ne1 Nh5 10. Nd3 Na6 11. a3 Nc7 12. Bd2 a6 13. a4 b6 14. Rb1 Bd7 15. b4 cxb4
16. Nxb4 f4 17. Nc6 Bxc6 18. dxc6 fxg3 19. hxg3 Rb8 20. Nd5 e6 21. Nxb6 Bd4 22.
Nd7 Rxb1 23. Qxb1 Nxg3 24. Qd3 Nxf1 25. Nxf8 Bxf2+ 26. Kxf1 Qxf8 27. Qf3 Bb6
28. Bb4 Qxf3+ 29. Bxf3 Ne8 30. a5 Bc5 31. Bc3 Kf7 32. Kg2 Nc7 33. e4 Ke7 34.
Kg3 Be3 35. Bb4 e5 36. Bg4 Ne6 37. Kf3 Bc5 38. Be1 h5 39. Bh4+ Kf7 40. Bxe6+
Kxe6 41. Bd8 Bb4 42. Kg3 Bd2 43. Kh4 g5+ 44. Kxh5 Be3 45. Bb6 Bd2 46. Kg4 Ke7
47. Kf5 Bf4 48. c5 dxc5 49. Bxc5+ Kd8 50. Bd6 Bd2 51. Bxe5 Bxa5 52. Kxg5 Bb4
53. Kf5 a5 54. Ke6 a4 55. Kd5 a3 56. Kc4 Be7 57. Kb3 Kc8 58. Bf4 Kd8 59. Bb8
Kc8 60. Be5 Kd8 1/2-1/2

[Event "XXXI Memorial Edoardo Crespi B"]
[Site "Milano ITA"]
[Date "2010.12.06"]
[Round "4"]
[White "Deghi, Donatello"]
[Black "Piazza, Angelo"]
[Result "0-1"]
[WhiteElo "1791"]
[BlackElo "1959"]
[PlyCount "34"]
[EventDate "2010.12.04"]

1. d4 b5 2. c3 e6 3. e4 Bb7 4. Bd3 Nf6 5. f3 a6 6. Ne2 d6 7. O-O c5 8. Bg5 Be7
9. Nd2 Nc6 10. Qe1 Qb6 11. Be3 cxd4 12. Nxd4 Qc7 13. Qg3 Ne5 14. Be2 Ng6 15.
Rac1 Nh5 16. Qf2 Nhf4 17. c4 Bh4 0-1

[Event "XXXI Memorial Edoardo Crespi B"]
[Site "Milano ITA"]
[Date "2010.12.06"]
[Round "4"]
[White "Gongalov, Bojan"]
[Black "Juciute, Einora"]
[Result "1-0"]
[WhiteElo "2026"]
[BlackElo "1843"]
[PlyCount "65"]
[EventDate "2010.12.04"]

1. d4 Nf6 2. c4 e6 3. g3 c5 4. d5 exd5 5. cxd5 d6 6. Nc3 g6 7. Nf3 a6 8. a4 Bg7
9. Bg2 O-O 10. O-O Nh5 11. Ng5 h6 12. Nf3 f5 13. Qc2 Qe8 14. Bf4 Nxf4 15. gxf4
Nd7 16. Nd2 Nf6 17. Nc4 Qd8 18. Ra3 Nh5 19. Qd2 Qh4 20. e3 Rf6 21. Ne2 Bf8 22.
b4 g5 23. bxc5 gxf4 24. Nxf4 Rg6 25. Nxg6 Qg4 26. Nxf8 Kxf8 27. Qd4 Qe2 28. Rb3
Kf7 29. Rb2 Qg4 30. Qxg4 fxg4 31. cxd6 Nf6 32. e4 Rb8 33. e5 1-0

[Event "XXXI Memorial Edoardo Crespi B"]
[Site "Milano ITA"]
[Date "2010.12.06"]
[Round "4"]
[White "Guidi, Giacomo G."]
[Black "Villalba, Fernando"]
[Result "0-1"]
[WhiteElo "1996"]
[BlackElo "1889"]
[PlyCount "72"]
[EventDate "2010.12.04"]

1. Nf3 d5 2. g3 g6 3. Bg2 Bg7 4. O-O Nf6 5. d3 O-O 6. Nbd2 c5 7. e4 dxe4 8.
dxe4 Nc6 9. h3 Qc7 10. Qe2 e5 11. c3 h6 12. Re1 Be6 13. a4 b6 14. Rb1 Rad8 15.
b3 Rd7 16. Nc4 Rfd8 17. Nfd2 Rd3 18. Bf1 Rxc3 19. Qd1 Nb4 20. Bb2 Rxc4 21. bxc4
Nh7 22. h4 h5 23. Qe2 Bg4 24. f3 Be6 25. Bg2 Nf6 26. Nf1 Nc6 27. Ne3 Nd4 28.
Bxd4 exd4 29. Nd5 Qxg3 30. a5 Nd7 31. axb6 axb6 32. Nxb6 Nxb6 33. Rxb6 d3 34.
Qd2 Bd4+ 35. Kf1 Bh3 36. f4 Qf3+ 0-1

[Event "XXXI Memorial Edoardo Crespi B"]
[Site "Milano ITA"]
[Date "2010.12.06"]
[Round "4"]
[White "Hatipoglu, Metin"]
[Black "Cerioni, Armando"]
[Result "1-0"]
[WhiteElo "1832"]
[BlackElo "1986"]
[PlyCount "71"]
[EventDate "2010.12.04"]

1. e4 d6 2. d4 Nf6 3. Nc3 c6 4. Nf3 Bg4 5. Be2 e6 6. O-O Be7 7. h3 Bh5 8. Re1
O-O 9. e5 dxe5 10. Nxe5 Bxe2 11. Nxe2 Nbd7 12. Bf4 Nxe5 13. Bxe5 Bd6 14. Ng3
Bxe5 15. Rxe5 Qb6 16. Rb1 Rfd8 17. c3 Rac8 18. b4 Rd5 19. Qe2 Nd7 20. Re3 c5
21. Qc4 Rc6 22. dxc5 Rdxc5 23. Qb3 Rd5 24. c4 Rd4 25. c5 Qd8 26. Ne4 Nf6 27.
Nxf6+ Qxf6 28. Rd1 Rc7 29. Rxd4 Qxd4 30. Rd3 Qh4 31. Qa4 h6 32. Qxa7 Qxb4 33.
Qb8+ Kh7 34. Qxc7 Qb1+ 35. Kh2 Qxd3 36. Qxb7 1-0

[Event "XXXI Memorial Edoardo Crespi B"]
[Site "Milano ITA"]
[Date "2010.12.06"]
[Round "4"]
[White "Invernizzi, Ferruccio"]
[Black "Morandi, Daniele"]
[Result "0-1"]
[WhiteElo "1748"]
[BlackElo "1925"]
[PlyCount "110"]
[EventDate "2010.12.04"]

1. e4 e5 2. Nf3 Nc6 3. d4 exd4 4. Nxd4 Nf6 5. Nxc6 bxc6 6. e5 Qe7 7. Qe2 Nd5 8.
c4 Ba6 9. b3 g6 10. f4 Bg7 11. Qf2 Nb6 12. Be2 d6 13. Bb2 dxe5 14. c5 Bxe2 15.
cxb6 Ba6 16. bxa7 O-O 17. Qe3 Rfe8 18. Kf2 exf4 19. Qxe7 Rxe7 20. Bxg7 Kxg7 21.
Nc3 Rxa7 22. Rhe1 Re6 23. Re4 Rxe4 24. Nxe4 Bc8 25. Kf3 Be6 26. Nc5 g5 27. a4
h5 28. g3 Bd5+ 29. Kf2 fxg3+ 30. hxg3 Kf6 31. a5 h4 32. gxh4 gxh4 33. b4 Kg5
34. Rg1+ Kh5 35. Rg8 f5 36. Rh8+ Kg4 37. Nd3 Kg5 38. Rf8 Kg4 39. Ne5+ Kf4 40.
Nd3+ Kg5 41. Rh8 Rb7 42. Rh7 Bc4 43. Ne5 Rxb4 44. Nxc6 Rb2+ 45. Ke3 Ra2 46.
Rxc7 Bd5 47. a6 Rc2 48. a7 Rxc6 49. Rd7 Re6+ 50. Kd4 Be4 51. Rd8 Ra6 52. Rd7 h3
53. Kc5 h2 54. Kb5 Ra1 55. Rg7+ Kf6 0-1

[Event "XXXI Memorial Edoardo Crespi B"]
[Site "Milano ITA"]
[Date "2010.12.06"]
[Round "4"]
[White "Kimbin, Richard Conrod"]
[Black "Fornasir, Carlo Gustavo"]
[Result "0-1"]
[WhiteElo "1928"]
[BlackElo "1876"]
[PlyCount "60"]
[EventDate "2010.12.04"]

1. Nf3 d5 2. g3 Nf6 3. Bg2 e6 4. d3 Be7 5. O-O O-O 6. Nbd2 c5 7. Re1 Nc6 8. a4
Qc7 9. e4 dxe4 10. dxe4 Rd8 11. e5 Nd5 12. c3 b6 13. Qc2 Ba6 14. Qe4 Na5 15.
Bf1 Bxf1 16. Rxf1 a6 17. c4 Nb4 18. Ra3 Qc6 19. Qg4 Nc2 20. Ra2 Nd4 21. Ne1 g6
22. Ra3 h5 23. Qd1 Ndb3 24. Qc2 Nxc1 25. Qxc1 Rxd2 26. Qxd2 Nxc4 27. Qc3 Nxa3
28. Qxa3 Rd8 29. b3 Qe4 30. Qb2 Rd5 0-1

[Event "XXXI Memorial Edoardo Crespi B"]
[Site "Milano ITA"]
[Date "2010.12.06"]
[Round "4"]
[White "Laurino, Alberto"]
[Black "Aliberti, Emilio"]
[Result "0-1"]
[WhiteElo "1801"]
[BlackElo "1900"]
[PlyCount "120"]
[EventDate "2010.12.04"]

1. e4 e6 2. d4 d5 3. e5 c5 4. c3 Nc6 5. Nf3 Bd7 6. Be3 Qb6 7. Qc2 Rc8 8. Qd2
cxd4 9. cxd4 Bb4 10. Nc3 Na5 11. Rc1 Ne7 12. Bd3 Nc4 13. Bxc4 Rxc4 14. O-O O-O
15. a3 Bxc3 16. Rxc3 Rxc3 17. Qxc3 Rc8 18. Qd2 Bb5 19. Rc1 Bc4 20. Bg5 Nc6 21.
Rc3 a5 22. Be3 a4 23. Rxc4 dxc4 24. d5 Qd8 25. dxc6 Qxd2 26. Bxd2 Rxc6 27. Bc3
Rc5 28. g3 Rd5 29. Nd2 b5 30. Ne4 Kf8 31. Bb4+ Kg8 32. Bc3 h6 33. Nd6 f6 34. f4
f5 35. Ne8 Kf7 36. Nc7 Rc5 37. Na6 Rd5 38. Nb4 Rd1+ 39. Kg2 g5 40. Nc6 Rd5 41.
Nd4 g4 42. Kf2 h5 43. Ke3 Ke7 44. Bb4+ Kf7 45. Bd6 Kg6 46. Bc7 b4 47. axb4 c3
48. bxc3 Rxd4 49. Kxd4 a3 50. b5 a2 51. b6 a1=Q 52. Kc4 Qa6+ 53. Kc5 Qb7 54. c4
Kf7 55. Kd6 Ke8 56. Kxe6 Qc6+ 57. Kxf5 Kf7 58. Kg5 Qg6+ 59. Kh4 Qh7 60. Bd8 Kg6
0-1

[Event "XXXI Memorial Edoardo Crespi B"]
[Site "Milano ITA"]
[Date "2010.12.06"]
[Round "4"]
[White "Marincolo, Piercarlo"]
[Black "Guzzetti, Luigi Enrico"]
[Result "0-1"]
[WhiteElo "1953"]
[BlackElo "1889"]
[PlyCount "128"]
[EventDate "2010.12.04"]

1. d4 Nf6 2. Nc3 g6 3. e4 d6 4. Bg5 Bg7 5. Bc4 c6 6. Nge2 O-O 7. h4 Qa5 8. Qd2
b5 9. Bxf6 exf6 10. Bb3 Re8 11. f3 b4 12. Na4 Be6 13. h5 Na6 14. hxg6 fxg6 15.
d5 cxd5 16. Nd4 Bf7 17. O-O-O dxe4 18. Nc6 Qc7 19. Bxf7+ Qxf7 20. fxe4 Qxa2 21.
Qd5+ Qxd5 22. Rxd5 Rxe4 23. Rxd6 Nc7 24. Rd7 Nb5 25. Nc5 Re2 26. Ne7+ Kf8 27.
Rxh7 Rxe7 28. Rxe7 Kxe7 29. Rxg7+ Kd6 30. Nd3 g5 31. Nxb4 a5 32. Nd3 a4 33. Rb7
a3 34. bxa3 Nxa3 35. Rb6+ Ke7 36. Rb3 Nc4 37. Rb7+ Kd6 38. Nf2 f5 39. Kb1 Ke5
40. Rb5+ Ke6 41. Rb4 Ne3 42. g3 Rc8 43. Ne4 g4 44. Nf2 Nxc2 45. Rb6+ Kf7 46.
Nd3 Na3+ 47. Ka2 Nc4 48. Rb4 Ne3 49. Rb7+ Kf6 50. Rb6+ Ke7 51. Nf4 Kd7 52. Rf6
Rc5 53. Rh6 Nf1 54. Kb3 Nxg3 55. Nd3 Rc7 56. Ne5+ Kc8 57. Nxg4 fxg4 58. Rg6
Rb7+ 59. Kc4 Nf5 60. Rg5 Rf7 61. Kd5 g3 62. Kc6 Kd8 63. Kd5 Ke7 64. Ke4 Rg7 0-1

[Event "XXXI Memorial Edoardo Crespi B"]
[Site "Milano ITA"]
[Date "2010.12.06"]
[Round "4"]
[White "Mei, Gianluca"]
[Black "Orsi, Matteo"]
[Result "0-1"]
[WhiteElo "1881"]
[BlackElo "1954"]
[PlyCount "124"]
[EventDate "2010.12.04"]

1. e4 c6 2. d4 d5 3. exd5 cxd5 4. c4 Nf6 5. Nc3 e6 6. Nf3 Be7 7. Bd3 dxc4 8.
Bxc4 a6 9. a4 O-O 10. O-O b6 11. Bg5 Bb7 12. Qe2 Nc6 13. Rad1 Nb4 14. Rfe1 Nbd5
15. Bb3 Rc8 16. Nxd5 Nxd5 17. Bxe7 Nxe7 18. Ng5 Bd5 19. Qd3 Ng6 20. Bxd5 Qxd5
21. Nf3 b5 22. axb5 axb5 23. Ne5 Nf4 24. Qg3 Nh5 25. Qg5 Nf6 26. Rd3 h6 27. Qh4
Rc2 28. Rg3 Qe4 29. Qxe4 Nxe4 30. Rb3 Rb8 31. Nd3 Nf6 32. Nb4 Rd2 33. Rc1 Kh7
34. f3 Rb7 35. Nc6 Nd5 36. Rc5 b4 37. Na5 Ra7 38. h3 Rxd4 39. Nc6 Ra1+ 40. Kh2
Rd2 41. Nxb4 Nf4 42. Kg3 g5 43. Rc2 Nh5+ 44. Kh2 Rdd1 45. g4 Rh1+ 46. Kg2 Nf4+
47. Kf2 Rxh3 48. Ra3 Rah1 49. Ra7 Kg6 50. Rcc7 R3h2+ 51. Ke3 Re2+ 52. Kd4 Rd1+
53. Kc5 Rc1+ 54. Kd6 Rxc7 55. Rxc7 Rxb2 56. Nc6 Rd2+ 57. Kc5 Nd3+ 58. Kc4 Ne1
59. Ne5+ Kf6 60. Nd7+ Rxd7 61. Rxd7 Nxf3 62. Ra7 Ne5+ 0-1

[Event "XXXI Memorial Edoardo Crespi B"]
[Site "Milano ITA"]
[Date "2010.12.06"]
[Round "4"]
[White "Motola, Jacopo"]
[Black "Colombo, Luca"]
[Result "0-1"]
[WhiteElo "1837"]
[BlackElo "1912"]
[PlyCount "98"]
[EventDate "2010.12.04"]

1. Nf3 c5 2. c4 d6 3. Nc3 Nc6 4. g3 g6 5. Bg2 Bg7 6. O-O Nf6 7. d3 O-O 8. Re1
Bd7 9. Bd2 Rb8 10. a3 Ng4 11. Rb1 Nge5 12. b4 Nxf3+ 13. Bxf3 Nd4 14. Bg2 b6 15.
e3 Nc6 16. Ne2 Ne5 17. Bc3 Bg4 18. Bxe5 Bxe5 19. h3 Bd7 20. f4 Bg7 21. Qc2 Qc8
22. Kh2 Bc6 23. b5 Bxg2 24. Kxg2 e5 25. Nc3 f5 26. Rbd1 Re8 27. Nd5 Qb7 28. Kh2
Re6 29. Qg2 Qf7 30. Qf2 Rbe8 31. Qd2 e4 32. Qf2 exd3 33. Rxd3 Re4 34. Qd2 Rxc4
35. Nc3 Bxc3 36. Rxc3 Rxc3 37. Qxc3 Qe6 38. Kg2 d5 39. Kf2 Kf7 40. Rd1 d4 41.
Qd3 dxe3+ 42. Kf3 Re7 43. g4 e2 44. Re1 fxg4+ 45. hxg4 Rd7 46. Qc2 Qd5+ 47. Kf2
Qd4+ 48. Kg2 Qxf4 49. Qxe2 Rd2 0-1

[Event "XXXI Memorial Edoardo Crespi B"]
[Site "Milano ITA"]
[Date "2010.12.06"]
[Round "4"]
[White "Petrone, Gianmario"]
[Black "Forno, Roberto"]
[Result "1-0"]
[WhiteElo "1778"]
[BlackElo "1940"]
[PlyCount "85"]
[EventDate "2010.12.04"]

1. e4 c5 2. Nf3 a6 3. d4 cxd4 4. Nxd4 Nf6 5. Nc3 e5 6. Nb3 Bb4 7. Bg5 O-O 8. a3
Bxc3+ 9. bxc3 Qc7 10. Qf3 Qc6 11. Bxf6 Qxf6 12. Qxf6 gxf6 13. O-O-O b5 14. c4
Rd8 15. cxb5 axb5 16. Bxb5 Rxa3 17. Kb2 Ra7 18. Rd6 Kg7 19. Ra1 Rxa1 20. Kxa1
Kg6 21. Nc5 Kg5 22. h4+ Kg6 23. Nd3 Kg7 24. Nc5 Kf8 25. Rxf6 d5 26. Rb6 Bg4 27.
f3 Bh5 28. g4 Bg6 29. h5 Kg7 30. hxg6 hxg6 31. exd5 Rxd5 32. Rxb8 Rxc5 33. c4
f5 34. Rb7+ Kh6 35. gxf5 gxf5 36. Rb6+ Kg5 37. Rc6 Rxc6 38. Bxc6 e4 39. fxe4 f4
40. e5 Kf5 41. Kb2 Kxe5 42. Kc3 Kd6 43. Bg2 1-0

[Event "XXXI Memorial Edoardo Crespi B"]
[Site "Milano ITA"]
[Date "2010.12.06"]
[Round "4"]
[White "Piantoni, Pierino"]
[Black "Regorda, Vittorio"]
[Result "1-0"]
[WhiteElo "1960"]
[BlackElo "1881"]
[PlyCount "50"]
[EventDate "2010.12.04"]

1. Nf3 Nf6 2. c4 c6 3. g3 d5 4. b3 e6 5. Bb2 Nbd7 6. Bg2 Be7 7. O-O O-O 8. d3
b6 9. Nbd2 Bb7 10. e4 c5 11. e5 Ne8 12. cxd5 exd5 13. Qe2 Nc7 14. Ne1 Rb8 15.
f4 Ba6 16. a4 b5 17. axb5 Rxb5 18. Bxd5 Nb6 19. Bg2 Nbd5 20. Nef3 Rb6 21. f5
Bg5 22. Nc4 Bxc4 23. dxc4 Be3+ 24. Kh1 Rxb3 25. cxd5 Nxd5 1-0

[Event "XXXI Memorial Edoardo Crespi B"]
[Site "Milano ITA"]
[Date "2010.12.06"]
[Round "4"]
[White "Pierandrei, Cristiano"]
[Black "Cattaneo, Marco"]
[Result "0-1"]
[WhiteElo "1941"]
[BlackElo "1852"]
[PlyCount "96"]
[EventDate "2010.12.04"]

1. Nf3 d5 2. d4 e6 3. c4 c6 4. Qc2 dxc4 5. Qxc4 b5 6. Qc2 Bb7 7. g3 Nd7 8. Bg2
Ngf6 9. O-O Be7 10. Nbd2 c5 11. e4 Rc8 12. Qd3 c4 13. Qe2 O-O 14. Rd1 Qc7 15.
e5 Nd5 16. Ne4 Nb4 17. Bg5 Bxg5 18. Nfxg5 h6 19. Qh5 Bxe4 20. Bxe4 Nb6 21. Nh7
Rfd8 22. Nf6+ gxf6 23. exf6 Kf8 24. Qxh6+ Ke8 25. Qg7 N6d5 26. Qg8+ Kd7 27.
Qxf7+ Kd6 28. Qg6 Rg8 29. Qh6 Qf7 30. a3 Qxf6 31. Qd2 Nc6 32. Bg2 Qg5 33. f4
Qf6 34. Qf2 a5 35. Rd2 b4 36. axb4 axb4 37. Rc1 Na5 38. Bxd5 exd5 39. Ra1 Nb3
40. Ra6+ Rc6 41. Rxc6+ Kxc6 42. Rd1 Re8 43. Qg2 Qf5 44. Rf1 Qe4 45. Qh3 Nxd4
46. Ra1 Qe3+ 47. Kf1 Qf3+ 48. Kg1 Ne2# 0-1

[Event "XXXI Memorial Edoardo Crespi B"]
[Site "Milano ITA"]
[Date "2010.12.06"]
[Round "4"]
[White "Riccio, Luigi"]
[Black "Marino, Marco"]
[Result "1/2-1/2"]
[WhiteElo "1929"]
[BlackElo "1775"]
[PlyCount "44"]
[EventDate "2010.12.04"]

1. e4 c5 2. Nc3 g6 3. Nge2 Bg7 4. g3 Nc6 5. Bg2 e6 6. d3 Nge7 7. Be3 Nd4 8. O-O
d6 9. Qd2 O-O 10. Nd1 Bd7 11. c3 Nxe2+ 12. Qxe2 Qa5 13. Qd2 Nc6 14. Bh6 Rab8
15. Bxg7 Kxg7 16. Ne3 h5 17. f4 f5 18. exf5 exf5 19. Nc4 Qc7 20. a4 Na5 21. Qf2
Bc6 22. Nxa5 Qxa5 1/2-1/2

[Event "XXXI Memorial Edoardo Crespi B"]
[Site "Milano ITA"]
[Date "2010.12.06"]
[Round "4"]
[White "Rossi, Giampiero"]
[Black "Mansueti, Marco"]
[Result "0-1"]
[WhiteElo "1906"]
[BlackElo "1873"]
[PlyCount "92"]
[EventDate "2010.12.04"]

1. d4 d5 2. c4 e6 3. Nc3 Nf6 4. cxd5 exd5 5. Bg5 Be7 6. e3 c6 7. Qc2 O-O 8. Bd3
h6 9. Bh4 Re8 10. Nge2 Nbd7 11. O-O Ne4 12. Bxe7 Qxe7 13. Bxe4 dxe4 14. b4 Nf6
15. b5 Bd7 16. bxc6 Bxc6 17. Rab1 Rec8 18. Rfc1 Qd7 19. Qb2 Rab8 20. Ng3 b6 21.
h3 Rb7 22. a3 Rbc7 23. Na2 Bd5 24. Rxc7 Rxc7 25. Rc1 Rxc1+ 26. Nxc1 Ne8 27.
Nce2 Nd6 28. Nc3 Qc6 29. Nxd5 Qxd5 30. Qb4 f5 31. Ne2 g5 32. Nc3 Qc6 33. d5 Qc5
34. Kf1 Kf7 35. Ke2 Qc4+ 36. Qxc4 Nxc4 37. g4 Kf6 38. gxf5 Kxf5 39. a4 Ke5 40.
f3 exf3+ 41. Kxf3 h5 42. e4 a6 43. Ne2 Nd2+ 44. Ke3 Nxe4 45. d6 Nxd6 46. Ng3
Nf5+ 0-1